000 00333 a2200145 4500
001 171419
020 _a
040 _cMagnum
100 _aLispector, Clarice
240 1 0 _aUma aprendizagem ou livro dos prazeres
_lpor
245 1 0 _aUma aprendizagem ou livro dos prazeres
362 0 _a1899
697 _aA/ROMANCE
942 _cBK
999 _c171419
_d171419